MDQL
is popping MORE tags! Check the
thread
!
Quizzes
Events
Quiz Creation
Community
Videos
Private Events
Remove Ads
Sign In
Join for FREE
Feedback
Dark Mode
Quiz Categories
Sports
Geography
Music
Movies
Television
Just For Fun
Miscellaneous
History
Literature
Language
Science
Gaming
Entertainment
Religion
Holiday
For Kids
Quiz Lab
Recent
Popular Today
Quiz Kudos Today
Editor Picks
Curator Picks
Quizzes by...
Day
Popularity
Type
Ratings
Length
Year
Community
Subscriptions
Recent Discussions
Orange Saloon
Badges
Playlists
Quests
Create
Leaderboards
Showdown
Live 5
Trivia Bingo
Activity
Puzzle Library
Sporcle Events
Private Events
Virtual Trivia
Globe League
Become a Host
Pub Owners
SporcleCon
Opinionation
Our Games
Videos
Blog
Mobile Apps
Partnerships
Remove Ads and Go Orange
Feedback
Movies
Disney
Marvel Cinematic Universe
Movie Resume
Movie Titles
Oscar
Actor
Actress
Director
Pixar
Role
Movie Quotes
Movie Characters
Box Office
Nominee
Best Picture
Star Wars
James Bond
Horror Movies
Movies
Disney
Marvel Cinematic Universe
Movie Resume
Movie Titles
Oscar
Actor
Actress
Director
Pixar
Role
Movie Quotes
Movie Characters
Box Office
Nominee
Best Picture
Star Wars
James Bond
Horror Movies
Random Quiz
Search Sporcle
×
Quiz Lab
Quiz Lab
Movies
Movie Quotes
Type in answers that appear in a list
Type in answers that appear in a list
Classic
Best Score? Go Orange.
Nicolas Cage Quotes Stats
Can you name the Nicolas Cage Quotes?
By
bcsnd33
5m
16 Questions
74 Plays
74 Plays
74 Plays
Comments
Comments
Give Quiz Kudos
Give Quiz Kudos
-
- Ratings
hide this ad
Replay
Link that replays current quiz
Next Quiz
Link to next quiz in quiz playlist
You Got
0%
They Got
Avg Score
28%
Avg Friend Score
Upgrade to see
Score Distribution
Jump to the score distribution portion of the page
Score
0/16
Timer
05:00
0
Plays Today
Complete the Qoute
Answers
% Correct
Carla was the _
_
_
_
_
_
_
_
prom queen
55.4%
Kick Ass, they should call him _
_
_
_
_
_
_
ass kick
48.6%
Casing fit like a _
_
_
_
condom
44.6%
I came here to _
_
_
_
_
_
_
_
_
_
_
_
_
_
_
_
drink myself to death
44.6%
I'll take pleasure in _
_
_
_
_
_
_
, _
_
_
gutting you boy
40.5%
This is just sub _
_
_
Par
31.1%
_
_
_
_
_
_
Larry
**** you
29.7%
On any other day, _
_
_
_
_
_
_
_
_
_
_
_
_
_
_
_
_
_
that might seem strange
28.4%
Complete the Qoute
Answers
% Correct
(signing) I'm ready, ready _
_
_
_
_
_
_
_
_
_
_
_
_
, _
_
_
_
for the big ride baby
27%
You're a bad girl, baby, you _
_
_
_
_
_
_
_
_
_
make me so hot
23%
Have you ever been dragged to the sidewalk and _
_
_
_
_
_
_
_
_
_
_
_
_
_
_
_
_
_
_
_
_
beaten till you pissed blood
21.6%
When I get out of here....I'm _
_
_
_
_
_
_
_
_
_
_
_
_
_
_
gonna have you fired
18.9%
I wish I had _
_
_
_
_
_
_
.
two dicks
17.6%
Why don't you come with us, try terrorism for higher, we'll _
_
_
_
_
_
_
_
_
_
_
_
_
_
, _
_
_
_
_
_
_
_
_
_
blow some **** up, it's more fun
12.2%
This is a very big gun _
_
_
_
_
_
_
_
_
_
_
_
_
_
_
_
_
!
fly the **** plane
9.5%
It isn't lying. You just tell them what you did right, _
_
_
_
_
_
_
_
_
_
_
_
_
_
_
_
_
_
_
_
_
and you leave out the rest
2.7%
Quiz Playlist
Details
Report
Send in Message
Add To Playlist
Classic:
Type in answers that appear in a list
Last Updated: Feb 16, 2017
Quiz Scoreboard
CHALLENGE
Sign Up to Join the Scoreboard
Show All
Scores
Hide
Comments
May contain spoilers
Recently Published
Two Season TV Shows II
by 123Four
Television
10m
Image Sorting: Flags VI
by Barbecue
Geography
2m
Find the 'City' Movie
by crazypaving
Movies
60s
More to Explore
Quiz From the Vault
Featured Blog Post
14 Easter Pick-up Lines to Find Eggs With
hide this ad
You Might Also Like...
Tags
Movie Quotes Quiz
Nicolas Cage
Today's Top Quizzes in Movies
Browse Movies
hide this ad
Today's Top Quizzes in Movie Quotes
Browse Movie Quotes
Top Contributed Quizzes in Movies
1
Find The 'Big' Movie
2
The ultimate James Bond movie quiz
3
Find The 'Wild' Movie
4
Find The 'Blue' Movie
5
Movies By Plot
6
Hidden Star Wars Character II
7
Pick 5 Posters: Directed by Spielberg
8
Hidden Star Wars Character III
9
Hidden Star Wars Character IV
10
25 Best Actor Nominees (1990s)
Explore More
Trending Topics
NBA
Crossword
Anime
Harry Potter
Kpop
Disney
Marvel
Pokémon
WWE
Soccer
Puzzle
Song
Country
The Office
NFL
hide this ad
More By:
bcsnd33
Quiz
Plays
Rating
Category
Featured
Created
Follow That Line: The Princess Bride
101,119
4.74
Movies
Jul 17, 2012
Follow That Lyric ('90s Songs)
89,531
4.35
Music
Aug 6, 2012
Follow That Line: It's Always Sunny in Philadelphia
16,281
3.95
Television
Jul 8, 2012
Follow That Line: South Park 2
12,568
3.82
Television
Jul 29, 2012
Follow That Line: Archer
6,625
3.61
Television
Jul 11, 2012
Go to Creator's Profile
Score Distribution
Quiz Creator Spotlight
bcsnd33
Follow
Send a Message
Quizzes Created
-
Created Quiz Play Count
-
More By This Creator
Popular Quizzes Today
1
Find the US States - No Outlines Minefield
2
Colored Red Africa Blitz
3
Find the 'City' Movie
4
5x2 Blitz: Bands
5
The Countries of the World
6
Find the Countries of Europe - No Outlines Minefield
7
Find the US States
8
US States
More Movies Quizzes
'Ghostbusters' Start to Finish
Published
Trending Quizzes
Colored Red Europe Blitz I
Colored Red Africa Blitz II
Colored Red Europe Blitz II
Colored Red Africa Blitz III
Colored Red Europe Blitz III
Recently Updated
How Do You Spell That?
pecheneg
Godzilla Movies
pecheneg
Grab Bag: 4-10 Letters
pecheneg
2024 March Madness Bracket
pecheneg
Famous TV Couples
Peacemaker
Champions League XIs: Real Madrid
pecheneg
Largest US Cities 1790-2010
pecheneg
Rides in Walt Disney World
pecheneg
Most Oscar Losses (Acting)
pecheneg
Beyoncé Albums
pecheneg
Trending Topics
Disney
Harry Potter
Kpop
Marvel
NBA
Anime
Crossword
WWE
Soccer
Puzzle
Country
Song
The Office
NFL
Pokémon
Your Account Isn't Verified!
In order to create a playlist on Sporcle, you need to verify the email address you used during registration. Go to your
Sporcle Settings
to finish the process.
Report this User
Report this user for behavior that violates our
Community Guidelines
.
Details:
Send Report
Go to the Sporcle.com Mobile Site →
Comments